000 00770nam a2200205 a 4500
001 000035946
005 20250115114738.0
008 110405s1999 dr ac 000 0 spa d
040 _aDO-SdBNP
_bspa
_cBNPHU
111 2 _aBienal Nacional de Artes Visuales
_d(21: 1999
_cSanto Domingo) :
_961969
245 1 0 _aBienal nacional de artes visuales /
_ceditor José Enrique García.
260 _aSanto Domingo :
_bMuseo de Arte Moderno
_fImpresión Alfa y Omega
_c1999.
300 _a169 p. :
_bil., 90 p. ilus. ;
_c23 cm.
700 1 2 _aGarcía, José Enrique,
_d1948-
_922487
710 2 _aMuseo de Arte Moderno
_961971
710 1 _a República Dominicana.
_b Secretaría de Estado de Cultura
_96453
710 2 _aGrupo León Jimenes
_961973
049 _aBNPD
049 _aBNPD
999 _c35437
_d35437